Guess the lyrics (#61) - Statistics

General Stats
  • This quiz has been taken 146 times
  • The average score is 82 of 222
Answer Stats
Answer % Correct
I
97%
a
94%
the
88%
The
88%
you
83%
and
74%
And
74%
He
73%
to
72%
on
70%
in
69%
me
69%
when
69%
your
68%
do
65%
who
65%
so
64%
she
62%
She
62%
they
60%
what
60%
Can't
57%
can't
57%
her
54%
will
54%
there
50%
was
47%
from
45%
From
45%
how
45%
too
43%
his
40%
But
39%
as
37%
get
35%
day
34%
had
33%
just
33%
would
32%
with
31%
take
30%
now
28%
'cause
27%
friend
26%
off
25%
"Come
24%
come
24%
boy
23%
mad
21%
gone
19%
made
19%
things
19%
first?
17%
knew
17%
away
15%
old
15%
Once
14%
trip
14%
which
12%
mind
11%
saw
11%
upon
11%
Who's
11%
dream
10%
little
10%
play
10%
they'd
9%
back
8%
far
8%
exactly
7%
rough
7%
rough?
7%
magic
6%
Puf
6%
Pufnstuf
6%
boat
5%
H.R.
5%
sea"
5%
sea
5%
enough
4%
yesterday
4%
often
3%
sky
3%
across
2%
called
2%
dark
2%
flew
2%
flute
2%
golden
2%
heard
2%
sailed
2%
save
2%
watching
2%
witch
2%
ashore
1%
attack
1%
bay
1%
beautiful
1%
belonged
1%
fighting
1%
grew
1%
kooky
1%
Racer
1%
Rescue
1%
snitch
1%
summertime
1%
wand
1%
waved
1%
witch's
1%
arrived
0%
Broom
0%
Crew,
0%
fist
0%
Jimmy,
0%
materialize
0%
plans
0%
Pufnstuf
0%
rehearsed,
0%
screamed
0%
shook
0%
sore
0%
Vroom
0%
washed
0%
watched
0%
No matching quizzes found
Score Distribution
Percent of People with Each Score
Percentile by Number Answered
Your Score History
You have not taken this quiz